000 00689nam a2200217Ii 4500
003 JO-AjNU
008 230605s9999||||xx |||||||||||||| ||und||
017 _a2008/10/3622
020 _a978-9957-18-230-4
040 _aJO-AjNU
_bara
_erda
_cJO-AjNU
041 _aara
050 1 4 _aHE9770.A4.Y8776.2009
100 3 _aيوسف، ردينة عثمان,
_eauthor
_951163
245 0 0 _aادارة خدمات النقل الجوي
264 3 1 _aعمان:دار المناهج للنشر والتوزيع،2009
300 _a348ص
336 _atext
_btxt
_2rdacontent
337 _aunmediated
_bn
_2rdamedia
338 _avolume
_bnc
_2rdacarrier
650 4 _aالنقل الجوي
_951164
999 _aA22582
_c26150
_d26150